000 00576nam a2200241Ia 4500
003 OSt
005 20221007115507.0
006 a|||||r|||| 00| 0
007 ta
008 221006b |||||||| |||| 00| 0 eng d
024 _a37,226
037 _cTextual
040 _aLCO
_cLCO
_beng
041 _2eng
_aeng
082 _aZ2,267, Q6
100 _aSeth Karnika
245 0 _aComputers, Internet and New Technology Laws
250 _a2nd
260 _c2016
300 _a1472
942 _hZ2,267, Q6
_cTEXL
999 _c1206789
_d1206789